Normal view
MARC view
- Mujeres adolescentes
Entry Materia
001 - NÚMERO DE CONTROL DEL REGISTRO
- campo de control: 4095
003 - IDENTIFICADOR DE NUMERO DE CONTROL
- campo de control: UPN
005 - FECHA Y HORA DE LA ÚLTIMA TRANSACCIÓN
- campo de control: 20230210143722.0
008 - DATOS DE LONGITUD FIJA
- campo de control de longitud fija: 230210n||acnnnbabn | ana |d
035 ## - NÚMERO DE CONTROL DEL SISTEMA
- Número de control del sistema: UPN10000004095
040 ## - FUENTE DE LA CATALOGACIÓN
- Centro catalogador de origen: UPN
- Lengua de catalogación: spa
- Agencia de transcripción: UPN
046 ## - FECHAS CON CODIFICACIÓN ESPECIAL
- Fecha final para contenidos agregados: 2023
150 ## - ENCABEZAMIENTO - TEMÁTICO
- Término de materia o nombre geográfico como elemento inicial: Mujeres adolescentes
450 ## - VÉASE - MATERIA
- Encabezamiento temático: Adolescentes (Mujeres)
450 ## - VÉASE - MATERIA
- Encabezamiento temático: Mujeres adolescentes
450 ## - VÉASE - MATERIA
- Encabezamiento temático: Adolescentes femeninas
450 ## - VÉASE - MATERIA
- Encabezamiento temático: Muchachas adolescentes
550 ## - VÉASE ADEMÁS - MATERIA
- Subcampo de control: g
- Encabezamiento temático o nombre geográfico como elemento de entrada: Niñas
550 ## - VÉASE ADEMÁS - MATERIA
- Subcampo de control: a
- Encabezamiento temático o nombre geográfico como elemento de entrada: Adolescentes
670 ## - FUENTE EN LA QUE SE LOCALIZARON DATOS
- Cita de la fuente: E/P
- Información localizada: Jóvenes (Mujeres)
902 ## - CATALOGADOR
- Catalogador: CAA/020310
